000 00875nam a2200241 a 4500
001 000038808
005 20201002031359.0
008 130425s2013 dr 000 0 spa d
020 _a9789945007503
040 _aDO-SdBNP
_bspa
_cBNPHU
082 _a781.63
_bP438b
100 1 _aPérez Guante, Carlos
_98458
245 1 0 _aBachata :
_bamargue y pasión /
_cCarlos Pérez Guante.
260 _aSanto Domingo :
_bImpresos del Caribe,
_c2013.
300 _a89 p. ;
_c22 cm.
500 _aIncluye datos biográficos del autor en la contracubierta
500 _aDedicado a Marinito Pérez
590 _aInventariado, 2019/MFF
650 4 _aBachata (música)
_zRepública Dominicana
_xHistoria
_946137
650 4 _aBachata (baile)
_zRepública Dominicana
_xHistoria
_965106
650 4 _aMúsica popular
_zRepública Dominicana
_91323
910 _aValidado. Control de calidad MFF
999 _c38298
_d38298